| 000 | 00368nam a2200133Ia 4500 | ||
|---|---|---|---|
| 005 | 20260328104323.0 | ||
| 008 | 260328s9999||||xx |||||||||||||| ||und|| | ||
| 100 | _aKortan, Enís | ||
| 245 | 0 |
_aLe Corbusier : _b Turkish Architecture and Urbanism Through the eyes of L.C. / _cEnís Kortan |
|
| 260 | _bBoyut | ||
| 300 | _a155 p. | ||
| 650 | _aARQUITECTOS | ||
| 942 | _cBK | ||
| 999 |
_c11402 _d11402 |
||